[Event "Vimercate op 5th"]
[Site "Vimercate"]
[Date "2011.11.27"]
[Round "5"]
[White "Stucchi, Gaia"]
[Black "Galli, Giuliano"]
[Result "1/2-1/2"]
[WhiteElo "1356"]
[BlackElo "1616"]
[PlyCount "43"]
[EventDate "2011.11.25"]
[EventType "swiss"]
[EventRounds "5"]
[EventCountry "ITA"]
[SourceTitle "EXT 2014"]
[Source "ChessBase"]
[SourceDate "2013.11.20"]
[SourceVersion "1"]
[SourceVersionDate "2013.11.20"]
[SourceQuality "1"]

1. e4 c5 2. Nf3 d6 3. c3 Nf6 4. e5 dxe5 5. Nxe5 e6 6. d4 cxd4 7. cxd4 Be7 8. Nc3 0-0 9. Be3 Nbd7 10. Be2 Nb6 11. Bf3 Nbd5 12. Nxd5 Nxd5 13. Bxd5 Qxd5 14. 0-0 Bd7 15. Nxd7 Qxd7 16. Rc1 Rfc8 17. Qf3 Rxc1 18. Rxc1 Rc8 19. Qd1 a6 20. Rc2 Rxc2 21. Qxc2 Bf6 22. Qd2 1/2-1/2

[Event "Vimercate op 5th"]
[Site "Vimercate"]
[Date "2011.11.26"]
[Round "2"]
[White "Gojani, Mentor"]
[Black "Stucchi, Gaia"]
[Result "1-0"]
[WhiteElo "2041"]
[BlackElo "1356"]
[PlyCount "39"]
[EventDate "2011.11.25"]
[EventType "swiss"]
[EventRounds "5"]
[EventCountry "ITA"]
[SourceTitle "EXT 2014"]
[Source "ChessBase"]
[SourceDate "2013.11.20"]
[SourceVersion "1"]
[SourceVersionDate "2013.11.20"]
[SourceQuality "1"]

1. d4 d5 2. Nf3 Nf6 3. Bf4 Bf5 4. e3 e6 5. Bd3 Ne4 6. 0-0 Nd7 7. c4 c6 8. Qc2 Ndf6 9. Ne5 Nd6 10. c5 Bxd3 11. Qxd3 Nb5 12. Qb3 Nd7 13. a4 Nxe5 14. Bxe5 f6 15. Bg3 Nc7 16. Qxb7 Rc8 17. Qxc6+ Kf7 18. Nc3 Be7 19. Qb7 Ne8 20. Nb5 1-0